Pasma górskie Polski - quiz na mapie - Statystyki

Ogólne statystyki
  • Ten quiz został rozwiązany 2 288 razy
  • Średni wynik to 10 z 28
Odpowiedzi na mapie
Odpowiedzi zakodowano w zielono-czerwonej skali na mapie do tego quizu, zgodnie z poniższymi procentami.
 
Statystyki odpowiedzi
Odpowiedź % Poprawnych
Tatry
86%
Bieszczady
73%
Góry Świętokrzyskie
72%
Pieniny
51%
Beskid Żywiecki
48%
Karkonosze
47%
Beskid Śląski
45%
Gorce
39%
Góry Sanocko-Turczańskie
39%
Góry Izerskie
37%
Beskid Sądecki
36%
Góry Stołowe
36%
Beskid Niski
35%
Masyw Ślęży
35%
Beskid Wyspowy
30%
Masyw Śnieżnika
29%
Beskid Makowski
26%
Beskid Mały
26%
Góry Wałbrzyskie
25%
Góry Opawskie
24%
Góry Sowie
23%
Góry Złote
22%
Góry Kaczawskie
20%
Góry Bystrzyckie
19%
Góry Orlickie
18%
Góry Bardzkie
17%
Rudawy Janowickie
17%
Góry Kamienne
15%
Nie znaleziono quizów pasujących do podanych kryteriów
Rozkład punktacji
Procent ludzi z każdym wynikiem
Percentyl według liczby udzielonych odpowiedzi
Twoja historia wyników
Nie rozwiązałeś tego quizu